00763nam a2200193 a 450000100100000000500170001000800410002704000250006804100390009308200130013210000240014524000690016924501230023826000480036130000210040949000250043053400890045583000250054400002498120200930023504.0110201s1950 ag r 000 0 spa d aDO-SdBNPbspacBNPHU17aspahfre2Código de idiomas MARC ann*bnn*1 aRenouvier, Charles.14aHistoire et solution des problémes métaphysiques.lEspañol10aHistoria y solución de los problemas metafisicos /cCharles Renouvier ; traducción de Francisco González Ríos. aBuenos Aires :bLibrería hachette,c1950. a591 p. ;c19 cm.1 aCultura filosófica aTítulo de la obra original :tHistoire et solution des problémes métaphysiques 0aCultura filosófica